Studies on physiology, ecology and control of torpedograss (panicum repens l.) in sugarcane (saccharum spp.) / (Record no. 9556)
[ view plain ]
| 000 -LEADER | |
|---|---|
| fixed length control field | 00826nam a22002177a 4500 |
| 001 - CONTROL NUMBER | |
| control field | BD-DhSAU 9556 |
| 003 - CONTROL NUMBER IDENTIFIER | |
| control field | BD-DhSAU |
| 005 - DATE AND TIME OF LATEST TRANSACTION | |
| control field | 20190225184356.0 |
| 008 - FIXED-LENGTH DATA ELEMENTS--GENERAL INFORMATION | |
| fixed length control field | 150620b1999 ja |||r|||| 000 0 eng d |
| 040 ## - CATALOGING SOURCE | |
| Original cataloging agency | BD-DhSAU |
| 082 ## - DEWEY DECIMAL CLASSIFICATION NUMBER | |
| Edition number | 22 |
| Classification number | 630 |
| Item number | H7949 |
| 100 ## - MAIN ENTRY--PERSONAL NAME | |
| Personal name | Hossain, Md. Amzad |
| 245 ## - TITLE STATEMENT | |
| Title | Studies on physiology, ecology and control of torpedograss (panicum repens l.) in sugarcane (saccharum spp.) / |
| Remainder of title | Ph.D. Thesis |
| Statement of responsibility, etc. | by Md. Amzad Hossain |
| 260 ## - PUBLICATION, DISTRIBUTION, ETC. (IMPRINT) | |
| Place of publication, distribution, etc. | Kagoshima University : |
| Name of publisher, distributor, etc. | The United Graduate School of Agricultural Sciences, |
| Date of publication, distribution, etc. | 2007 |
| 300 ## - PHYSICAL DESCRIPTION | |
| Extent | xxviii, 292 p. : |
| Other physical details | ill. ; |
| Dimensions | 30 cm. |
| 500 ## - GENERAL NOTE | |
| General note | Ph.D thesis of The United Graduate School of Agricultural Sciences, Kagoshima University, Japan |
| 590 ## - Name of Cataloguer | |
| Name of Cataloger | joy |
| 650 ## - SUBJECT ADDED ENTRY--TOPICAL TERM | |
| Topical term or geographic name as entry element | Physiology |
| General subdivision | Sugarcane |
| 700 ## - ADDED ENTRY--PERSONAL NAME | |
| Personal name | Murayama, Seiichi |
| Relator term | Major advisor |
| 942 ## - ADDED ENTRY ELEMENTS (KOHA) | |
| Source of classification or shelving scheme | Dewey Decimal Classification |
| Koha item type | PhD Thesis |
| Withdrawn status | Lost status | Source of classification or shelving scheme | Damaged status | Not for loan | Collection code | Home library | Branch Name | Shelving location | Date acquired | Total Checkouts | Full call number | Barcode | Date last seen | Price effective from | Koha item type |
|---|---|---|---|---|---|---|---|---|---|---|---|---|---|---|---|
| Dewey Decimal Classification | Not For Loan | Reference | SAU Library | SAU Library | Reference | 20/06/2015 | 630 H7949 | 37687 | 20/06/2015 | 20/06/2015 | MS Level Thesis |
